000 01280nam a2200349 c 4500
003 BLK
005 20230628005118.0
008 180412b bul|||||r ||||||| ||bul||
010 _aKNG00016156000
020 _a954-8610-09-4
_bиздат.: Лира Принт - на том(кн. 3)
040 _aBLK
041 _aBUL
_cBUL
080 _aАмериканска литература (на САЩ)
_b821.111(73)
_x-312.9
_z821.111(73)-312.9
100 1 _aРезник, Майк
_eпърви автор
_9243630
139 _aРезник, Майк
_bР 46
245 1 0 _aОракула
_bРоман
_cМайк Резник; прев. Владимир Зарков.
257 _aUSA
260 София
_c1996
300 _a256 с.
_c20 см
380 _aX
490 1 _aХроника на човешкия вид
_vКн. 3
500 _aОриг. загл. Oracle / Mike Rеsnick. - 3 000 тир.
653 _aфантастика
653 _aромани
700 _aЗарков, Владимир Владимиров
_d1961-
_eпрев.
_9365578
852 _aЦб 190614
856 4 _qpdf
_u
856 4 _qpdf
_u
942 _cKNG
_n0
944 _aCR
_c15.01.2003
_lф /
_kЛюдмила_Стоянова
944 _aED
_c15.06.2010
_lф /
_k
999 _c14444
_d14444